MARC

LEADER 00000nam0a2200000 4500
001 120310
005 20231031124936.0
035 |a (RuTPU)RU\TPU\book\130264 
090 |a 120310 
100 |a 20070824d1986 km y0rusy50 ca 
101 0 |a rus 
102 |a RU 
105 |a a z 001zy 
200 1 |a Износостойкость элементов измельчителей ударного действия  |f И. Р. Клейс, Х. Х. Ууэмыйс 
210 |a Москва  |c Машиностроение  |d 1986 
215 |a 160 с.  |c ил. 
320 |a Библиогр.: с. 154-155. 
610 1 |a металлообработка 
610 1 |a измельчители 
610 1 |a измельчительные установки 
610 1 |a ударное действие 
610 1 |a ударное измельчение 
610 1 |a износ 
610 1 |a абразивные материалы 
610 1 |a конструкции 
610 1 |a износостойкие материалы 
675 |a 621.926  |v 3 
700 1 |a Клейс  |b И. Р.  |g Ильмар Романович 
701 1 |a Ууэмыйс  |b Х. Х.  |g Хальянд Хейнрихович 
801 1 |a RU  |b 63413507  |c 20070824  |g PSBO 
801 2 |a RU  |b 63413507  |c 20080218  |g PSBO 
942 |c BK